000 01638cam a2200373 a 4500
999 _c2995
_d2995
001 13741502
003 GZU
005 20201112094700.0
008 040514s2004 ne a b 101 0 eng
010 _a 2004360877
020 _a9057270498 (pb)
020 _a905727051X (hb)
035 _a(DLC) 2004360877
040 _aDLC
_cDLC
_dDLC
042 _alcode
043 _af------
050 0 0 _aJZ5584
_bO74 2002
110 2 _aOrganization for Social Science Research in Eastern and Southern Africa.
_bCongress
_n(7th :
_d2002 :
_cKhartoum, Sudan)
245 1 4 _aThe quest for peace in Africa :
_btransformations, democracy, and public policy /
_ceditor, Alfred G. Nhema.
260 _aUtrecht, Netherlands :
_bInternational Books ;
_aAddis Ababa, Ethiopia :
_bOSSREA,
_c2004.
300 _a416 p. :
_bill. ;
_c23 p.
500 _a"Contains the proceedings of the papers presented at the seventh OSSREA Congress held in December 2002, in Khartoum, Sudan"--T.p. verso.
504 _aIncludes bibliographical references and index.
650 0 _aPeace-building
_zAfrica
_vCongresses.
650 0 _aDemocratization
_zAfrica
_vCongresses.
651 0 _aAfrica
_xSocial policy
_vCongresses.
651 0 _aAfrica
_xEconomic policy
_vCongresses.
700 1 _aNhema, Alfred G.
856 4 2 _3Contributor biographical information
_uhttp://www.loc.gov/catdir/enhancements/fy0621/2004360877-b.html
856 4 2 _3Publisher description
_uhttp://www.loc.gov/catdir/enhancements/fy0621/2004360877-d.html
906 _a7
_bibc
_corigode
_d3
_encip
_f20
_gy-gencatlg
942 _2lcc
_cBK
_h5584
_iQUE
_kJZ
_m2002